BIBLIOTHÈQUE DE LA MAISON DU MEXIQUE

Logo 1 Logo 2

Laurel (notice nᵒ 5425)

détails MARC
000 -Sello discográfico
campo de control de longitud fija 01144nam0a2200361 4500
005 - Identificación de versión
campo de control 20251017062838.0
010 ## - Número Estándar Internacional de Libros (ISBN)
Número (ISBN) 968-24-1345-1
035 ## - Otros números de control del sistema
Número de control del sistema 33600
099 ## - fechas locales
Tipo de ítem Koha LIBRO
100 ## - Datos de procesamiento general
Datos de procesamiento general 20111129d20031986m y0spay5003 ba
105 ## - Campo de datos codificados: Material textual, monográfico
Datos codificados de monografía a 001gy
200 1# - Título y mención de responsabilidad
Título propio Laurel
Designación general del material texto impreso
Otra información del título antología de la poesía moderna en lengua española
Primer mención de responsabilidad prólogo Xavier Villaurrutia
Declaración de responsabilidad subsiguiente epílogo Octavio Paz
205 ## - Declaración de edición
Declaración de edición 3a reimpr
210 ## - Publicación, distribución, etc.
Lugar de publicación, distribución, etc. México
Nombre del editor, distribuidor, etc. Editorial Trillas
Fecha de publicación, distribución, etc. 2003
215 ## - Descripción física
Designación de material específico y extensión del ítem 510 p
Otras características físicas il.
Dimensiones 23 cm
318 ## - Nota de acción
Acción No se presta a domicilio
345 ## - Nota de información de adquisición
Fuente de adquisición/dirección de la suscripción [OBSOLETO] Donación 'Salon du Livre 2009'
410 #1 - Series
Título Linterna Mágica
Número de volumen 1
606 ## - Término temático usado como materia
Elemento de entrada Poesía española
Subdivisión temática Antologías
Número Koha 7346
702 ## - Nombre personal - Responsabilidad secundaria
Elemento de entrada Paz Lozano
Parte del nombre distinta del elemento de entrada Octavio Irineo
Fechas 1914-1998
Número Koha 536
702 ## - Nombre personal - Responsabilidad secundaria
Elemento de entrada Villaurrutia y González
Parte del nombre distinta del elemento de entrada Xavier
Fechas 1903-1950
Número Koha 1772
801 #0 - Fuente de origen
País FR
Agencia cm
Reglas de catalogación (convenciones descriptivas) AFNOR
900 ## -
-- 1/20888
942 ## - ELEMENTOS DE ENTRADA SECUNDARIOS (KOHA)
Tipo de ítem Koha Livre
996 ## -
-- MEX
-- 751145101
-- MMAG
-- 000810
-- R861.08 A627
-- 20111129LIV
Exemplaires
Estatus retirado Estado de daño Estado de pérdida Fecha de adquisición Biblioteca de origen Biblioteca actual Ubicación en estantería Código de barras Precio de reemplazo Signatura topográfica completa No para préstamo Tipo de ítem Koha Nota pública Nota no pública
      05/08/2025 Casa México Paris Casa México Paris   000810 05/08/2025 R861.08 A627 No se presta a domicilio Livre 20111129LIV 751145101